书目信息 |
| 题名: |
物理方法论
|
|
| 作者: | 王瑞旦 , 宋善炎 编著 | |
| 分册: | ||
| 出版信息: | 长沙 中南大学出版社 2002 |
|
| 页数: | 316页 | |
| 开本: | 20cm | |
| 丛书名: | 教与学方法丛书 | |
| 单 册: | ||
| 中图分类: | O4-03 | |
| 科图分类: | ||
| 主题词: | 物理学--方法论 | |
| 电子资源: | ||
| ISBN: | 7-81061-550-5 | |
| 000 | 00828oam2 2200253 45 | |
| 001 | 002182420 | |
| 005 | 20050331151537.4 | |
| 010 | @a7-81061-550-5@dCNY18.00 | |
| 100 | @a20021031d2002 em y0chiy0110 ea | |
| 101 | 0 | @achi |
| 102 | @aCN@b430000 | |
| 105 | @ay z 000yy | |
| 200 | 1 | @a物理方法论@Awu li fang fa lun@f王瑞旦,宋善炎编著@FWang Rui Dan,Song Shan Yan Bian Zhu |
| 210 | @a长沙@c中南大学出版社@d2002 | |
| 215 | @a316页@d20cm | |
| 225 | 2 | @a教与学方法丛书 |
| 330 | @a本书主要内容包括:物理方法论与物理教育;理想化方法——科学抽象的一种重要形式;和谐性原理与对称方法——物理学基本规律的对称性美等。 | |
| 410 | @12001 @a教与学方法丛书 | |
| 606 | 0 | @a物理学@x方法论 |
| 690 | @aO4-03@v4 | |
| 701 | 0 | @a王瑞旦@4编著 |
| 701 | 0 | @a宋善炎@4编著 |
| 801 | 0 | @aCN@bNLC@c20030526 |
| 905 | @f5@b347075-079@dO4-03@e311 | |
| 物理方法论/王瑞旦,宋善炎编著.-长沙:中南大学出版社,2002 |
| 316页;20cm.-(教与学方法丛书) |
| ISBN 7-81061-550-5:CNY18.00 |
| 本书主要内容包括:物理方法论与物理教育;理想化方法——科学抽象的一种重要形式;和谐性原理与对称方法——物理学基本规律的对称性美等。 |
| ● |
| 相关链接 |
|
|
|
|
正题名:物理方法论
索取号:O4-03/311
 
预约/预借
| 序号 | 登录号 | 条形码 | 馆藏地/架位号 | 状态 | 备注 |
| 1 | 0347075 | 203470751 | 第二样本阅览室/ [索取号:O4-03/311] | 在馆 | |
| 2 | 0347076 | 203470760 | 第三借阅区/ [索取号:O4-03/311] | 在馆 | |
| 3 | 0347077 | 203470779 | 第三借阅区/ [索取号:O4-03/311] | 在馆 | |
| 4 | 0347078 | 203470788 | 第三借阅区/ [索取号:O4-03/311] | 在馆 | |
| 5 | 0347079 | 203470797 | 第三借阅区/ [索取号:O4-03/311] | 在馆 | |
| 6 | 0354793 | 3547932 | 第三借阅区/ [索取号:O4-03/311] | 在馆 | |
| 7 | 0354794 | 3547941 | 第三借阅区/ [索取号:O4-03/311] | 在馆 | |
| 8 | 0354795 | 3547950 | 第三借阅区/ [索取号:O4-03/311] | 在馆 | |
| 9 | 0354796 | 3547969 | 第三借阅区/ [索取号:O4-03/311] | 在馆 | |
| 10 | 0354797 | 3547978 | 第三借阅区/ [索取号:O4-03/311] | 在馆 |